Scottish renewables (Record no. 120876)

MARC details
000 -LEADER
fixed length control field 00750cai a22001815a 4500
001 - CONTROL NUMBER
control field E150734
008 - FIXED-LENGTH DATA ELEMENTS--GENERAL INFORMATION
fixed length control field 100825u xxk g 000 0 eng d
035 ## - SYSTEM CONTROL NUMBER
System control number (Sirsi) u150734
041 0# - LANGUAGE CODE
Language code of text/sound track or separate title eng
110 2# - MAIN ENTRY--CORPORATE NAME
Corporate name or jurisdiction name as entry element Scottish Renewables
9 (RLIN) 5878
245 00 - TITLE STATEMENT
Title Scottish renewables
Medium [electronic resource]
520 ## - SUMMARY, ETC.
Summary, etc. Website for Scottish Renewables which represents the renewable energy industry in Scotland. Includes information about renewable energy, as well as news and access to the Scottish Renewables membership directory.
590 ## - LOCAL NOTE (RLIN)
Local note KA
651 #4 - SUBJECT ADDED ENTRY--GEOGRAPHIC NAME
Geographic name Scotland
Chronological subdivision 1999-
690 ## - LOCAL SUBJECT ADDED ENTRY--TOPICAL TERM (OCLC, RLIN)
Topical term or geographic name as entry element ENVIRONMENTAL AND LAND CONSULTANCY-ENERGY
856 40 - ELECTRONIC LOCATION AND ACCESS
Uniform Resource Identifier <a href="https://www.scottishrenewables.com/">https://www.scottishrenewables.com/</a>
Public note View the website free of charge at www.scottishrenewables.com
942 ## - ADDED ENTRY ELEMENTS (KOHA)
Suppress in OPAC 0
Holdings
Withdrawn status Lost status Source of classification or shelving scheme Damaged status Not for loan Home library Current library Shelving location Date acquired Total Checkouts Full call number Barcode Date last seen Copy number Price effective from Koha item type
    Dewey Decimal Classification     Virtual Virtual Online 25/08/2010   WEBSITE 150734-2001 06/08/2019 1 06/08/2019 Online material